[Event "Team men HL chess 2017"]
[Site "Sochi"]
[Date "2017.05.10"]
[Round "9.5"]
[White "Rozhko, Dmitry"]
[Black "Gubsky, Egor"]
[Result "1/2-1/2"]
[WhiteElo "2351"]
[BlackElo "2284"]
[PlyCount "193"]
[EventDate "2017.05.01"]

1. e4 c5 2. c3 d5 3. exd5 Qxd5 4. d4 Nc6 5. Nf3 Bg4 6. Be2 cxd4 7. cxd4 e6 8.
h3 Bh5 9. Nc3 Qa5 10. O-O Nf6 11. a3 Bd6 12. Be3 O-O 13. b4 Qd8 14. Qb3 h6 15.
Rfd1 Ne7 16. g4 Bg6 17. Ne5 Nfd5 18. Nxg6 Nxg6 19. Nxd5 exd5 20. Bf3 Ne7 21. g5
hxg5 22. Bxg5 f6 23. Bh4 Kh8 24. Bg3 Qd7 25. Bg2 Rad8 26. Qf3 g6 27. Rac1 Kg7
28. Bxd6 Qxd6 29. Qg3 Nf5 30. Qxd6 Rxd6 31. Rc5 Rfd8 32. Bf3 Nh4 33. Be2 R8d7
34. Rdc1 Re7 35. Rc7 Rde6 36. Rxe7+ Rxe7 37. Kf1 g5 38. Rc5 Ng6 39. Bf3 Nf4 40.
a4 b6 41. Rc8 Nd3 42. b5 Nf4 43. Bg4 Kg6 44. Rg8+ Kf7 45. Rc8 Re4 46. Rc7+ Re7
47. Rc8 Re4 48. Rc7+ Kg6 49. Rxa7 f5 50. Bf3 Rxd4 51. Ra6 Kf7 52. Ke1 Ke7 53.
Bd1 Nd3+ 54. Ke2 Nf4+ 55. Ke1 Re4+ 56. Kd2 Re6 57. a5 bxa5 58. Rxa5 Kd6 59. Bc2
Kc5 60. Bxf5 Re2+ 61. Kd1 Rxf2 62. Bd7 Rb2 63. Ra8 d4 64. Rg8 d3 65. Bf5 Rb1+
66. Kd2 Rb2+ 67. Kd1 Kd4 68. Rd8+ Kc3 69. Rc8+ Kd4 70. Rd8+ Ke3 71. Re8+ Kf3
72. Rb8 Rb1+ 73. Kd2 Rb2+ 74. Kd1 d2 75. Bc2 Ke3 76. Re8+ Kf3 77. Kxd2 Rxb5 78.
Bd1+ Kg3 79. Re3+ Kh4 80. Bg4 Rb2+ 81. Kc3 Rh2 82. Re8 Nxh3 83. Bc8 Nf4 84.
Rh8+ Nh5 85. Bd7 Kg3 86. Be8 Nf6 87. Rxh2 Kxh2 88. Bc6 g4 89. Kd2 Kg3 90. Ke2
Kf4 91. Kf2 g3+ 92. Kg2 Ng4 93. Ba8 Ne3+ 94. Kh3 Nc2 95. Kg2 Ne1+ 96. Kf1 g2+
97. Bxg2 1/2-1/2

[Event "Team men HL chess 2017"]
[Site "Sochi"]
[Date "2017.05.10"]
[Round "9.5"]
[White "Kuzmin, Artem"]
[Black "Nuristani, Iman"]
[Result "1/2-1/2"]
[WhiteElo "2040"]
[BlackElo "2026"]
[PlyCount "153"]
[EventDate "2017.05.01"]

1. e4 e6 2. d4 d5 3. e5 c5 4. c3 Nc6 5. Nf3 Qb6 6. a3 Bd7 7. b4 cxd4 8. cxd4
Rc8 9. Bb2 Na5 10. Bd3 Nc4 11. Qb3 Nxb2 12. Qxb2 Bb5 13. Bxb5+ Qxb5 14. Nc3 Qd3
15. Rc1 Ne7 16. Ne2 Rxc1+ 17. Nxc1 Qb5 18. Qc3 Nc6 19. Nd3 Qc4 20. Kd2 g5 21.
h3 h5 22. Qxc4 dxc4 23. Nc5 b5 24. Ne4 Be7 25. Nc3 a6 26. d5 exd5 27. Nxd5 O-O
28. Kc2 g4 29. hxg4 hxg4 30. Nxe7+ Nxe7 31. Nh2 g3 32. fxg3 Nf5 33. Ng4 Kg7 34.
a4 Kg6 35. axb5 axb5 36. Re1 Ra8 37. e6 Nd4+ 38. Kb2 Nxe6 39. Ne5+ Kf6 40. Nd7+
Ke7 41. Nc5 Kd6 42. Ne4+ Kc6 43. Nc3 Rd8 44. Re5 Rd2+ 45. Kc1 Rxg2 46. Nxb5
Rg1+ 47. Kb2 Rxg3 48. Nc3 Rg2+ 49. Ka3 Rd2 50. b5+ Kb7 51. Kb4 Rd4 52. Re4 Rd7
53. Kxc4 Rd8 54. Nd5 Rc8+ 55. Kb4 Rc1 56. Nf4 Rb1+ 57. Kc4 Rc1+ 58. Kb4 Nc7 59.
Re7 Rb1+ 60. Kc4 Rc1+ 61. Kb4 Rd1 62. Kc4 Kb6 63. Rxf7 Rc1+ 64. Kd3 Nxb5 65.
Rf6+ Kc5 66. Rf5+ Kb4 67. Nd5+ Ka5 68. Kd2 Rc5 69. Ne3 Rc8 70. Kd3 Ka4 71. Rf4+
Kb3 72. Rf6 Rd8+ 73. Ke4 Nc3+ 74. Ke5 Kb4 75. Rd6 Re8+ 76. Re6 Rh8 77. Nd5+
1/2-1/2

[Event "Team men HL chess 2017"]
[Site "Sochi"]
[Date "2017.05.10"]
[Round "9.6"]
[White "Paravyan, David"]
[Black "Gusarov, Grigory"]
[Result "1/2-1/2"]
[WhiteElo "2528"]
[BlackElo "2320"]
[PlyCount "112"]
[EventDate "2017.05.01"]

1. d4 Nf6 2. Bg5 e6 3. e4 h6 4. Bxf6 Qxf6 5. c3 b6 6. Nf3 Bb7 7. Bd3 g6 8. Nbd2
Bg7 9. Qe2 Qe7 10. O-O-O d6 11. h4 h5 12. Kb1 Nd7 13. Ba6 O-O-O 14. a4 Nb8 15.
Bxb7+ Kxb7 16. a5 Qd7 17. Kc2 Rhe8 18. Qd3 d5 19. axb6 axb6 20. Ra1 dxe4 21.
Qxe4+ Qd5 22. Rhe1 Nc6 23. Ng5 Qxe4+ 24. Rxe4 Re7 25. Nc4 Bh6 26. f4 Rd5 27. g3
Bxg5 28. hxg5 Rd8 29. b4 Ree8 30. Ne5 Nxe5 31. fxe5 b5 32. Rf4 Re7 33. Raf1
Rdd7 34. g4 hxg4 35. Rxg4 c6 36. Rh4 Kb6 37. Rh7 Ra7 38. Kb3 Red7 39. c4 bxc4+
40. Kxc4 Rdc7 41. Rh8 Rd7 42. Rf8 Rdc7 43. Rh1 Rd7 44. Rh7 Rdb7 45. Rhh8 Ra1
46. Rd8 Rc1+ 47. Kd3 Rg1 48. Rd6 Ra7 49. b5 Rg3+ 50. Ke4 Raa3 51. Rxc6+ Kb7 52.
Kf4 Raf3+ 53. Ke4 Re3+ 54. Kf4 Ref3+ 55. Ke4 Re3+ 56. Kf4 Ref3+ 1/2-1/2

[Event "Team men HL chess 2017"]
[Site "Sochi"]
[Date "2017.05.10"]
[Round "9.6"]
[White "Ozgibcev, Anatoly"]
[Black "Kryakvin, Dmitry"]
[Result "0-1"]
[WhiteElo "2379"]
[BlackElo "2560"]
[PlyCount "162"]
[EventDate "2017.05.01"]

1. e4 e5 2. Nf3 Nc6 3. Bc4 Nf6 4. d4 exd4 5. O-O Nxe4 6. Re1 d5 7. Bxd5 Qxd5 8.
Nc3 Qf5 9. Nxe4 Be6 10. Nxd4 Nxd4 11. Qxd4 Rd8 12. Qa4+ b5 13. Qa5 Be7 14. Qxc7
O-O 15. Qxe7 Qxe4 16. Bg5 Qxc2 17. Qxa7 Rd5 18. h4 h6 19. Bf4 Qxb2 20. Rab1 Qd4
21. Qxd4 Rxd4 22. Be5 Rxh4 23. Rxb5 Bxa2 24. Re3 Rc8 25. Rb8 Rxb8 26. Bxb8 Rb4
27. Be5 f6 28. Ra3 Bd5 29. Bd6 Rg4 30. Rg3 Rc4 31. Rd3 Bc6 32. Ba3 Kf7 33. Bb2
Rb4 34. Rc3 Bd5 35. Ba3 Rg4 36. Rg3 Ra4 37. Rd3 Be6 38. Rc3 Ra8 39. Rc7+ Kg6
40. Bb2 Rd8 41. Rc6 Bf5 42. Rc4 h5 43. Bd4 Re8 44. Be3 Be4 45. Kh2 Re6 46. Ra4
Kh7 47. Ra5 g5 48. Bxg5 fxg5 49. Rxg5 Kh6 50. Rg8 Bh7 51. Rh8 Re7 52. f3 Kg5
53. Ra8 Re2 54. Ra4 Bf5 55. Kg3 Rb2 56. Rd4 Ra2 57. Rc4 Ra5 58. Rb4 Ra1 59. Kh2
h4 60. Rc4 Ra2 61. Kg1 Rd2 62. Ra4 Rc2 63. Rb4 Be6 64. Re4 Bd7 65. Rd4 Bc8 66.
Re4 h3 67. gxh3 Bb7 68. Re7 Rb2 69. Rf7 Kh4 70. Rg7 Kxh3 71. Kf1 Bxf3 72. Ke1
Bg4 73. Rg8 Kg3 74. Rf8 Re2+ 75. Kf1 Re5 76. Rg8 Kf3 77. Rf8+ Bf5 78. Rf7 Ra5
79. Ke1 Ke3 80. Kf1 Be4 81. Kg1 Rh5 0-1

[Event "Team men HL chess 2017"]
[Site "Sochi"]
[Date "2017.05.10"]
[Round "9.6"]
[White "Notkin, Maksim"]
[Black "Savchuk, Vladimir"]
[Result "1/2-1/2"]
[WhiteElo "2465"]
[BlackElo "2077"]
[PlyCount "90"]
[EventDate "2017.05.01"]

1. d4 Nf6 2. c4 c5 3. d5 b5 4. cxb5 a6 5. bxa6 g6 6. Nc3 Bxa6 7. e4 Bxf1 8.
Kxf1 d6 9. Nf3 Nbd7 10. g3 Bg7 11. Kg2 O-O 12. a4 Qa5 13. Qc2 Rfb8 14. Bd2 Qb4
15. Rhb1 Qb3 16. Qc1 Qc4 17. Qe1 Ng4 18. Ra3 Nde5 19. Nxe5 Nxe5 20. Nb5 Nd3 21.
Qe3 Nb4 22. b3 Qd3 23. Qxd3 Nxd3 24. b4 Rxb5 25. Rxd3 Rxa4 26. Rc1 h5 27. bxc5
dxc5 28. Be3 c4 29. d6 exd6 30. Rxd6 c3 31. Rd8+ Kh7 32. Rd7 Kg8 33. Rd8+ Kh7
34. Rd7 Rxe4 35. Rxf7 Rc4 36. Ra1 Kg8 37. Raa7 Bf8 38. Rf6 c2 39. Ra8 Kg7 40.
Raxf8 Rb7 41. Bc1 Rcc7 42. Rf3 Rb1 43. Ba3 c1=Q 44. Bxc1 Rbxc1 45. R8f6 R1c3
1/2-1/2

[Event "Team men HL chess 2017"]
[Site "Sochi"]
[Date "2017.05.10"]
[Round "9.6"]
[White "Bezdenezhnyh, Pavel"]
[Black "Barskij, Vladimir"]
[Result "0-1"]
[WhiteElo "2188"]
[BlackElo "2389"]
[PlyCount "92"]
[EventDate "2017.05.01"]

1. e4 c5 2. Nf3 e6 3. d4 cxd4 4. Nxd4 Nc6 5. Nc3 a6 6. Be2 Qc7 7. O-O Nf6 8.
Kh1 Be7 9. f4 d6 10. Be3 O-O 11. Bf3 Bd7 12. Qe1 Nxd4 13. Bxd4 e5 14. Be3 Bc6
15. Rd1 b5 16. Rf2 Qb7 17. Bc1 Rfe8 18. Re2 Bf8 19. Nd5 Bxd5 20. exd5 exf4 21.
Bxf4 Rxe2 22. Qxe2 Re8 23. Qf2 Qc7 24. a3 Nd7 25. c3 Ne5 26. Bxe5 dxe5 27. Be4
Bd6 28. Qf5 g6 29. Qf6 Rd8 30. Rd3 Qe7 31. Qxe7 Bxe7 32. g4 Kg7 33. Kg2 h5 34.
h3 Rd6 35. Rf3 Rb6 36. gxh5 f5 37. Bb1 e4 38. Rf1 Rd6 39. Ba2 Kf6 40. hxg6 Ke5
41. Kh2 Rxg6 42. Rg1 Rxg1 43. Kxg1 f4 44. b4 f3 45. Bb3 e3 46. Bd1 e2 0-1

[Event "Team men HL chess 2017"]
[Site "Sochi"]
[Date "2017.05.10"]
[Round "9.7"]
[White "Ponomarenko, Alexandr"]
[Black "Ponkratov, Pavel"]
[Result "0-1"]
[WhiteElo "2240"]
[BlackElo "2590"]
[PlyCount "98"]
[EventDate "2017.05.01"]

1. e4 c5 2. c4 d6 3. Nc3 Nc6 4. g3 g6 5. Bg2 Bg7 6. Nge2 Nf6 7. d3 Rb8 8. O-O
a6 9. Rb1 b5 10. b3 O-O 11. Nd5 Nd7 12. Bb2 Nd4 13. a3 e6 14. Nxd4 cxd4 15. Nb4
Qb6 16. Nc2 Qa7 17. Kh1 a5 18. a4 b4 19. f4 f5 20. Qe2 e5 21. exf5 gxf5 22. Ne1
Bb7 23. g4 fxg4 24. Qxg4 Nc5 25. Bc1 Kh8 26. f5 Rg8 27. Qh3 Bf6 28. Bh6 Bxg2+
29. Nxg2 Qb7 30. Rf3 d5 31. Nh4 e4 32. Rg3 Nxd3 33. Rxd3 exd3 34. c5 Qe7 35.
Ng6+ Rxg6 36. fxg6 Qe4+ 37. Qg2 Rg8 38. c6 Qxg2+ 39. Kxg2 Rxg6+ 40. Kf3 Be5 41.
c7 Bxc7 42. Bd2 Bxh2 43. Rc1 Rf6+ 44. Kg4 Kg7 45. Bg5 Re6 46. Rd1 Kg6 47. Bc1
Re4+ 48. Kf3 Kf5 49. Rxd3 Bf4 0-1

[Event "Team men HL chess 2017"]
[Site "Sochi"]
[Date "2017.05.10"]
[Round "9.7"]
[White "Gutenev, Alexander"]
[Black "Kayukov, Kirill"]
[Result "1-0"]
[WhiteElo "2448"]
[BlackElo "2155"]
[PlyCount "74"]
[EventDate "2017.05.01"]

1. e4 e6 2. d4 d5 3. Nc3 Nf6 4. e5 Nfd7 5. f4 c5 6. Nf3 Nc6 7. Be3 cxd4 8. Nxd4
Nxd4 9. Bxd4 a6 10. Qd2 Bc5 11. Ne2 b5 12. Qe3 Be7 13. O-O-O Qc7 14. h4 h5 15.
f5 exf5 16. Nf4 Rh6 17. Nxd5 Qc6 18. Nxe7 Kxe7 19. Be2 Bb7 20. Bf3 Qc7 21. Qg5+
Kf8 22. e6 Nf6 23. Bxb7 Qxb7 24. Bc5+ Kg8 25. e7 Re8 26. Qxf5 Qxg2 27. Rhf1 Qc6
28. Rd8 Rg6 29. b4 Kh7 30. Kb2 Kh6 31. Qf4+ Kh7 32. Qd6 Qe4 33. Rxf6 Rxf6 34.
Qd3 Qxd3 35. cxd3 Rxe7 36. Bxe7 Re6 37. Bc5 f6 1-0

[Event "Team men HL chess 2017"]
[Site "Sochi"]
[Date "2017.05.10"]
[Round "9.7"]
[White "Tereshechkina, Maya"]
[Black "Matsenko, Andrei"]
[Result "1/2-1/2"]
[WhiteElo "2056"]
[BlackElo "2314"]
[PlyCount "51"]
[EventDate "2017.05.01"]

1. d4 Nf6 2. Bf4 c5 3. e3 d5 4. c3 Nc6 5. Nf3 Qb6 6. Qb3 c4 7. Qc2 Bf5 8. Qc1
e6 9. h3 h6 10. Nbd2 Na5 11. Be2 Be7 12. Ne5 Nd7 13. Nxd7 Kxd7 14. Bd1 Bd6 15.
Bxd6 Qxd6 16. Bc2 Ke7 17. O-O Rhe8 18. b4 Nc6 19. e4 Bxe4 20. Bxe4 dxe4 21.
Nxc4 Qd5 22. Ne3 Qd6 23. Nc4 Qd5 24. Ne3 Qd6 25. Nc4 Qd5 26. Ne3 1/2-1/2

[Event "Team men HL chess 2017"]
[Site "Sochi"]
[Date "2017.05.10"]
[Round "9.7"]
[White "Mokin, Nikolai"]
[Black "Dulenko, Maxim"]
[Result "1-0"]
[WhiteElo "2277"]
[BlackElo "2144"]
[PlyCount "129"]
[EventDate "2017.05.01"]

1. d4 d5 2. c4 c6 3. Nf3 Nf6 4. Nc3 a6 5. e3 Bg4 6. Be2 b5 7. b3 e6 8. O-O Nbd7
9. h3 Bh5 10. Bb2 Bd6 11. Ne5 Bxe2 12. Nxe2 bxc4 13. bxc4 Qb8 14. Nxd7 Nxd7 15.
Rb1 Qc7 16. Qc2 O-O 17. Rfc1 Rfc8 18. e4 dxe4 19. Qxe4 c5 20. d5 exd5 21. cxd5
Re8 22. Qc2 Bh2+ 23. Kh1 Be5 24. Bxe5 Rxe5 25. Rd1 Qd6 26. Nc3 Rc8 27. f4 Re3
28. Rf1 c4 29. Rbd1 Nf6 30. Rd4 h6 31. Qd2 Rd3 32. Rxd3 cxd3 33. Qxd3 Qa3 34.
Rf3 Rd8 35. Ne4 Qc1+ 36. Kh2 Nxd5 37. Qd4 Qc6 38. Rg3 f6 39. f5 Qc7 40. Nc5 Nf4
41. Nxa6 Ne2 42. Nxc7 Rxd4 43. Ne6 Rd7 44. Re3 Rd2 45. a4 Ra2 46. Rb3 Rxa4 47.
Rb8+ Kf7 48. Rb7+ Ke8 49. Nxg7+ Kf8 50. Ne6+ Ke8 51. Rh7 Nd4 52. Nxd4 Rxd4 53.
Rxh6 Kf7 54. Rh7+ Kg8 55. Rb7 Rd3 56. g4 Rc3 57. Kg2 Ra3 58. Rb2 Kg7 59. Rf2
Kh6 60. Rf3 Ra1 61. Kg3 Rg1+ 62. Kh4 Rg2 63. Rb3 Rg1 64. Rb6 Kg7 65. Kh5 1-0

[Event "Team men HL chess 2017"]
[Site "Sochi"]
[Date "2017.05.10"]
[Round "9.8"]
[White "Triapishko, Alexandr"]
[Black "Skurikhin, Dmitrij"]
[Result "1-0"]
[WhiteElo "2490"]
[BlackElo "2345"]
[PlyCount "83"]
[EventDate "2017.05.01"]

1. e4 e6 2. d4 d5 3. Bd3 dxe4 4. Bxe4 c5 5. Ne2 Nc6 6. Be3 Nxd4 7. Nxd4 cxd4 8.
Qxd4 Nf6 9. Qxd8+ Kxd8 10. Bf3 Kc7 11. Nc3 Bd7 12. Bf4+ Bd6 13. Bxd6+ Kxd6 14.
Bxb7 Rab8 15. O-O-O+ Ke7 16. Bf3 g5 17. g3 Rhc8 18. Rhe1 Rc5 19. Nd5+ Nxd5 20.
Rxd5 Rxd5 21. Bxd5 g4 22. c4 Rc8 23. b3 Kd6 24. Bg2 Rc5 25. Rd1+ Kc7 26. f4
gxf3 27. Bxf3 Rf5 28. Rd3 Bc6 29. Bxc6 Kxc6 30. Kc2 a5 31. Kc3 Rf1 32. a3 a4
33. b4 Rf2 34. Rd2 Rf3+ 35. Rd3 Rf2 36. h4 f5 37. Re3 Kd6 38. c5+ Kd5 39. Rd3+
Kc6 40. Rd6+ Kc7 41. b5 Rf3+ 42. Kc4 1-0

[Event "Team men HL chess 2017"]
[Site "Sochi"]
[Date "2017.05.10"]
[Round "9.8"]
[White "Pogosian, Georgy"]
[Black "Iljin, Timofey"]
[Result "1/2-1/2"]
[WhiteElo "2204"]
[BlackElo "2317"]
[PlyCount "129"]
[EventDate "2017.05.01"]

1. d4 d5 2. Nf3 Nf6 3. c4 e6 4. g3 dxc4 5. Bg2 Be7 6. O-O O-O 7. Ne5 Nc6 8.
Bxc6 bxc6 9. Nxc6 Qe8 10. Nxe7+ Qxe7 11. Qa4 e5 12. dxe5 Qxe5 13. Qxc4 Be6 14.
Qc2 Rad8 15. Nc3 Qh5 16. f3 Bh3 17. Rf2 Nd5 18. Nxd5 Qxd5 19. Bf4 Rd7 20. e4
Qd4 21. Qc3 Qb6 22. Be3 Qg6 23. Rd2 Rfd8 24. Rxd7 Rxd7 25. Kf2 h6 26. g4 Qd6
27. e5 Qa6 28. Rc1 h5 29. Qc4 Qg6 30. Qc6 Qxc6 31. Rxc6 hxg4 32. fxg4 Bxg4 33.
Ra6 c5 34. Bxc5 Rd2+ 35. Kg3 Be2 36. Rxa7 Rxb2 37. e6 fxe6 38. Bd4 Rd2 39. Bxg7
Bc4 40. a4 Bd5 41. Be5 Re2 42. Bd6 Rg2+ 43. Kh4 Rg7 44. Ra5 Bf3 45. Rc5 Rg4+
46. Kh3 Rxa4 47. Kg3 Bd1 48. Rc7 Bh5 49. Be5 Rg4+ 50. Kf2 Re4 51. Bc3 Bg4 52.
Kg3 Bf5 53. Bf6 Re3+ 54. Kf2 Rh3 55. Kg2 Kf8 56. Be5 Re3 57. Bg3 Bg4 58. Rc4
Bf5 59. Rc5 Bg4 60. Rc4 Bf5 61. Kf2 Rb3 62. Rc7 Bh3 63. Be5 Bg4 64. Bc3 Rb5 65.
Kg3 1/2-1/2

[Event "Team men HL chess 2017"]
[Site "Sochi"]
[Date "2017.05.10"]
[Round "9.8"]
[White "Kurbedinov, Ramis"]
[Black "Parfenov, Viktor N"]
[Result "0-1"]
[WhiteElo "2318"]
[BlackElo "2240"]
[PlyCount "74"]
[EventDate "2017.05.01"]

1. d4 Nf6 2. Nf3 d5 3. c4 e6 4. Nc3 c5 5. e3 a6 6. a3 dxc4 7. Bxc4 b5 8. Bd3
Bb7 9. O-O Nbd7 10. Qe2 Bd6 11. Rd1 Qb8 12. h3 O-O 13. Bc2 b4 14. dxc5 Bxf3 15.
gxf3 Bh2+ 16. Kg2 bxc3 17. f4 Bxf4 18. exf4 Nxc5 19. b4 Ncd7 20. Rd4 Rc8 21.
Bb3 Nf8 22. f5 Qb7+ 23. f3 exf5 24. Bg5 Rc6 25. Rad1 Re8 26. Qc2 h6 27. Bh4 Nh5
28. Qxf5 c2 29. Rc1 g6 30. Qd3 Qc7 31. Qd2 Ne6 32. Rd7 Qf4 33. Qxf4 Nhxf4+ 34.
Kh2 Rc3 35. Ba4 Ng5 36. Bxg5 Re2+ 37. Kh1 hxg5 0-1

[Event "Team men HL chess 2017"]
[Site "Sochi"]
[Date "2017.05.10"]
[Round "9.8"]
[White "Zaika, Daniil"]
[Black "Derjabin, Ilja"]
[Result "0-1"]
[WhiteElo "2149"]
[BlackElo "2341"]
[PlyCount "102"]
[EventDate "2017.05.01"]

1. d4 Nf6 2. c4 c5 3. d5 b5 4. cxb5 a6 5. b6 g6 6. Nc3 Bg7 7. e4 d6 8. Be2 Nbd7
9. Nf3 O-O 10. O-O Nxb6 11. a4 a5 12. Bb5 Ne8 13. Re1 Nc7 14. Bc6 Rb8 15. Qe2
Ba6 16. Qc2 Nc8 17. e5 Na7 18. exd6 exd6 19. Bf4 Nxc6 20. dxc6 Rb6 21. Rad1
Rxc6 22. Ne4 Ne8 23. Rd5 Qb6 24. Red1 Qxb2 25. Qxb2 Bxb2 26. Nxd6 Be2 27. Rb1
Bxf3 28. gxf3 Bd4 29. Nb5 Rb6 30. Rc1 Nf6 31. Rd6 Rxd6 32. Bxd6 Re8 33. Bxc5
Bxc5 34. Rxc5 Re1+ 35. Kg2 Nh5 36. Nc3 Nf4+ 37. Kg3 Nd3 38. Rc8+ Kg7 39. f4 Rc1
40. Rc7 Nb2 41. Rc5 Ra1 42. Kg2 Nd3 43. Rxa5 Nxf4+ 44. Kf3 Ne6 45. Nd5 Ra3+ 46.
Kg2 h5 47. h4 Rd3 48. Ne3 Nd4 49. Kg3 Kh6 50. Ra6 Ra3 51. a5 Ra4 {
çàïèñü íåðàçáîð~~èâà} 0-1

[Event "Team men HL 2017"]
[Site "Sochi"]
[Date "2017.05.10"]
[Round "9.1"]
[White "Sychev, Klementy"]
[Black "Iljiushenok, Ilia"]
[Result "1/2-1/2"]
[WhiteElo "2459"]
[BlackElo "2489"]
[PlyCount "51"]
[EventDate "2017.??.??"]

1. d4 Nf6 2. c4 g6 3. Nc3 Bg7 4. e4 O-O 5. Nf3 d6 6. Be2 e5 7. Be3 exd4 8. Nxd4
Re8 9. f3 c6 10. Bf2 d5 11. exd5 cxd5 12. O-O Nc6 13. c5 Bf8 14. Kh1 Bd7 15. a3
a6 16. Qd2 Nh5 17. Rad1 Nxd4 18. Bxd4 Bc6 19. b4 Qh4 20. Kg1 Ng7 21. Bf2 Qf6
22. Rfe1 Rad8 23. Bd4 Qh4 24. Bf2 Qf6 25. Bd4 Qh4 26. Bf2 1/2-1/2

[Event "Team men HL 2017"]
[Site "Sochi"]
[Date "2017.05.10"]
[Round "9.2"]
[White "Chernobay, Artem"]
[Black "Zakhartsov, Vladimir"]
[Result "1-0"]
[WhiteElo "2496"]
[BlackElo "2442"]
[PlyCount "79"]
[EventDate "2017.??.??"]

1. e4 c5 2. Nf3 e6 3. b3 d5 4. Bb5+ Bd7 5. Bxd7+ Nxd7 6. exd5 exd5 7. O-O Ngf6
8. d4 Be7 9. dxc5 Nxc5 10. Nd4 Qd7 11. Qf3 Nfe4 12. Rd1 O-O 13. Be3 f5 14. Ne2
Qc6 15. Nbc3 Rad8 16. Nd4 Qf6 17. Nce2 g5 18. Qh5 f4 19. Bc1 Ne6 20. Nxe6 Qxe6
21. Nd4 Qb6 22. Bb2 Rd6 23. Qe2 Bf6 24. c4 dxc4 25. Qxe4 Rfd8 26. Qe2 Qa6 27.
bxc4 Bxd4 28. Bxd4 Rxd4 29. Rxd4 Rxd4 30. Qe8+ Kg7 31. Re1 Qf6 32. Re7+ Kh6 33.
h4 Rd1+ 34. Kh2 Rd6 35. hxg5+ Qxg5 36. Qf8+ Kh5 37. Rxh7+ Rh6 38. Rxh6+ Qxh6
39. Qxh6+ Kxh6 40. g4 1-0

[Event "Team men HL 2017"]
[Site "Sochi"]
[Date "2017.05.10"]
[Round "9.3"]
[White "Gochelashvili, David"]
[Black "Sarana, Alexey"]
[Result "1/2-1/2"]
[WhiteElo "2425"]
[BlackElo "2472"]
[PlyCount "116"]
[EventDate "2017.??.??"]

1. d4 Nf6 2. Bf4 d5 3. e3 c5 4. c3 Nc6 5. Nd2 e6 6. Ngf3 cxd4 7. exd4 Nh5 8.
Be3 Bd6 9. Ne5 g6 10. f4 f6 11. Nd3 O-O 12. g4 Ng7 13. Bg2 e5 14. Bxd5+ Kh8 15.
Bxc6 bxc6 16. O-O exd4 17. Bxd4 Ne6 18. Be3 Ba6 19. c4 Bc7 20. Nc5 Bb6 21. b4
Nxc5 22. bxc5 Qe7 23. Bd4 Bxc5 24. Nb3 Bxd4+ 25. Qxd4 Rad8 26. Rae1 Qf7 27. Qc5
Qxc4 28. Qxa7 Rfe8 29. Qf2 Qb4 30. Rxe8+ Rxe8 31. Rd1 Re2 32. Qd4 Qxd4+ 33.
Nxd4 Re4 34. Nxc6 Rxf4 35. Rd4 Rf1+ 36. Kg2 Ra1 37. Nb4 Kg7 38. Rd7+ Kh6 39.
Nxa6 Rxa2+ 40. Kg3 Rxa6 41. h4 Ra3+ 42. Kf4 g5+ 43. hxg5+ fxg5+ 44. Ke4 Ra4+
45. Kf3 Ra6 46. Kg3 Kg6 47. Rd3 Kf6 48. Rf3+ Ke6 49. Re3+ Kd5 50. Re7 h6 51.
Kf3 Rf6+ 52. Kg3 Re6 53. Rh7 Kd4 54. Kf3 Rd6 55. Re7 Kd3 56. Ra7 Rf6+ 57. Kg3
Rc6 58. Kf3 Rf6+ 1/2-1/2

[Event "Team men HL 2017"]
[Site "Sochi"]
[Date "2017.05.10"]
[Round "9.4"]
[White "Ofitserian, Boris"]
[Black "Dordzhieva, Dinara"]
[Result "1/2-1/2"]
[WhiteElo "2391"]
[BlackElo "2271"]
[PlyCount "106"]
[EventDate "2017.??.??"]

1. d4 Nf6 2. c4 e6 3. Nf3 d5 4. g3 Be7 5. Bg2 O-O 6. O-O dxc4 7. Ne5 Nc6 8.
Nxc6 bxc6 9. Na3 Bxa3 10. bxa3 Rb8 11. Qa4 Qxd4 12. Be3 Qg4 13. Bf3 Qh3 14.
Qxc4 e5 15. Bxa7 Ra8 16. Bc5 Re8 17. Bg2 Qe6 18. Qxe6 Rxe6 19. Rfd1 Ba6 20. e4
Ree8 21. f3 Bc4 22. Rd2 Be6 23. Rad1 h6 24. Kf2 Reb8 25. Bf1 g5 26. Ke3 Ra4 27.
Bb4 g4 28. Rc1 gxf3 29. Kxf3 Bg4+ 30. Ke3 Bd7 31. Be2 Kg7 32. Rc5 Raa8 33. Rxe5
Ng4+ 34. Bxg4 Bxg4 35. Rc5 Ra6 36. Kf4 Be6 37. g4 Rb5 38. h4 Rxc5 39. Bxc5 h5
40. gxh5 Ra5 41. Be7 c5 42. Rg2+ Kh7 43. Rg5 Rxa3 44. Rxc5 Rxa2 45. Rxc7 Kh6
46. Rc5 Rg2 47. Rb5 Rg8 48. Bf6 Rg4+ 49. Kf3 Rg8 50. Bd4 Bg4+ 51. Kf2 Re8 52.
Be3+ Kh7 53. Rg5 Rxe4 1/2-1/2

[Event "Team men HL 2017"]
[Site "Sochi"]
[Date "2017.05.10"]
[Round "9.5"]
[White "Taysayev, Timur"]
[Black "Savchenko, Boris"]
[Result "0-1"]
[WhiteElo "2245"]
[BlackElo "2634"]
[PlyCount "80"]
[EventDate "2017.??.??"]

1. e4 c5 2. Nf3 e6 3. d4 cxd4 4. Nxd4 a6 5. Nc3 Qc7 6. g3 Bb4 7. Bd2 Nf6 8. Bg2
d6 9. O-O O-O 10. Nb3 e5 11. a3 Bxc3 12. Bxc3 b6 13. Qd2 Rd8 14. Rad1 Nc6 15.
Rfe1 h6 16. h3 a5 17. f4 b5 18. Qf2 b4 19. axb4 axb4 20. Bd2 Be6 21. Be3 Rdc8
22. f5 Bxb3 23. cxb3 Na5 24. Rd3 Nxb3 25. Bb6 Nc5 26. Bxc7 Nxd3 27. Qb6 Nxe1
28. Bf1 Nf3+ 29. Kg2 Nd2 30. Bb5 Ra2 31. Qb7 Rxc7 32. Qb8+ Kh7 33. Qxc7 Rxb2
34. Qxf7 b3 35. h4 Ndxe4+ 36. Kg1 d5 37. g4 Rd2 38. g5 b2 39. gxh6 b1=Q+ 40.
Bf1 Qb6+ 0-1

[Event "Team men HL 2017"]
[Site "Sochi"]
[Date "2017.05.10"]
[Round "9.6"]
[White "Tukhaev, Adam"]
[Black "Nazaretyan, Tigran"]
[Result "1-0"]
[WhiteElo "2557"]
[BlackElo "2356"]
[PlyCount "113"]
[EventDate "2017.??.??"]

1. e4 c5 2. Nf3 Nc6 3. d4 cxd4 4. Nxd4 Nf6 5. Nc3 d6 6. Bg5 e6 7. Qd2 h6 8.
Bxf6 gxf6 9. O-O-O a6 10. f4 Bd7 11. Kb1 Qc7 12. Be2 h5 13. h4 O-O-O 14. Bf3
Nxd4 15. Qxd4 Be7 16. Ne2 Bc6 17. Qe3 Kb8 18. f5 Bf8 19. Qb3 Re8 20. Nf4 e5 21.
Nxh5 Qe7 22. g4 Bh6 23. c4 Bf4 24. Rd3 Rd8 25. Rhd1 Kc7 26. Qc3 b6 27. Qa3 Bb7
28. b4 Rhg8 29. c5 dxc5 30. bxc5 Kb8 31. Rd6 bxc5 32. Qd3 Rxd6 33. Qxd6+ Qxd6
34. Rxd6 Be3 35. Nxf6 Rc8 36. g5 c4 37. g6 fxg6 38. fxg6 c3 39. Kc2 Bh6 40. Rd3
Rc6 41. Nd7+ Ka7 42. h5 Rc7 43. Nf6 Bc6 44. Rxc3 Ba4+ 45. Kb2 Rb7+ 46. Rb3 Bxb3
47. axb3 Rc7 48. Ng4 Bf8 49. h6 Kb6 50. Be2 a5 51. Bc4 a4 52. bxa4 Rxc4 53. g7
Rc8 54. Nf6 Bc5 55. Nd7+ Kc6 56. Nxc5 Kxc5 57. h7 1-0

[Event "Team men HL 2017"]
[Site "Sochi"]
[Date "2017.05.10"]
[Round "9.7"]
[White "Tenikashvili, Georgij"]
[Black "Gabrielian, Artur"]
[Result "1/2-1/2"]
[WhiteElo "2305"]
[BlackElo "2525"]
[PlyCount "81"]
[EventDate "2017.??.??"]

1. d4 Nf6 2. c4 e6 3. Nf3 b6 4. a3 Bb7 5. Nc3 d5 6. Bg5 Be7 7. e3 O-O 8. Be2
Nbd7 9. cxd5 exd5 10. O-O h6 11. Bf4 c6 12. h3 Re8 13. Rc1 Bf8 14. Bd3 Rc8 15.
b4 Ne4 16. Ne5 Nxe5 17. Bxe5 Nd6 18. Qg4 Qg5 19. Qxg5 hxg5 20. Bxd6 Bxd6 21.
Na4 g6 22. Rc3 Kg7 23. Rfc1 f5 24. Be2 Rc7 25. Kf1 Kf6 26. Ke1 Ke7 27. Kd2 Kf6
28. R1c2 Rd8 29. Rc1 Ke6 30. R1c2 Rf8 31. Rc1 Kd7 32. R1c2 Ke7 33. Rc1 Rcc8 34.
R1c2 Bb8 35. Rc1 Bd6 36. R1c2 Bb8 37. Rc1 Kd6 38. R1c2 Ke7 39. Rc1 Bd6 40. R1c2
Bb8 41. Rc1 1/2-1/2

[Event "Team men HL 2017"]
[Site "Sochi"]
[Date "2017.05.10"]
[Round "9.8"]
[White "Musalov, Ruslan"]
[Black "Abrekov, Mussa"]
[Result "1/2-1/2"]
[WhiteElo "2348"]
[BlackElo "2219"]
[PlyCount "121"]
[EventDate "2017.??.??"]

1. Nf3 Nf6 2. c4 g6 3. g3 Bg7 4. Bg2 O-O 5. O-O d5 6. cxd5 Nxd5 7. Nc3 Nb6 8.
d3 Bd7 9. Bf4 Nc6 10. Qd2 e5 11. Bg5 f6 12. Bh6 Qe7 13. Bxg7 Kxg7 14. Rfc1 Rad8
15. Ne4 Bc8 16. Nc5 Nd7 17. Nb3 Rfe8 18. Rc2 Nf8 19. Rac1 Ne6 20. Rc4 Rd6 21.
a3 Ncd8 22. Nc5 Nxc5 23. Rxc5 Ne6 24. R5c4 b6 25. Qe3 c5 26. Nd2 Ba6 27. R4c3
Red8 28. b4 cxb4 29. axb4 Rd4 30. Nc4 Qxb4 31. f4 Bxc4 32. Rxc4 Rxc4 33. Rxc4
Qd6 34. Rc6 Qd4 35. Qxd4 Nxd4 36. Rc7+ Kh6 37. fxe5 fxe5 38. Rxa7 Nxe2+ 39. Kf1
Nc1 40. Rb7 Nxd3 41. Rxb6 Rf8+ 42. Kg1 Kg5 43. Rb7 h5 44. Rd7 Nc1 45. Be4 Ne2+
46. Kg2 h4 47. Rd6 hxg3 48. Rxg6+ Kf4 49. Bf3 Ke3 50. Bxe2 Rf2+ 51. Kxg3 Rxe2
52. Ra6 Rd2 53. h4 e4 54. h5 Ke2 55. h6 Rd7 56. Kf4 Re7 57. Ra2+ Kd3 58. Ra3+
Kd2 59. Rh3 e3 60. h7 Rxh7 61. Rxh7 1/2-1/2